=LDR 00000nam 2200000 4500 =001 INLIS000000000039632 =005 20130612145240 =008 ***********************************ind** =035 ##$$0010-061300000039632 =041 ##$$a ind =082 ##$$a 616.994 =100 ##$$a hidayati, nurul laily =245 ##$$a bebas kanker meski makan daging:solusi sehat mencegah =260 ##$$a pustaka anggrek $b yogyakarta =300 ##$$a 146 hlm =850 ##$$a NBPNMAT